000 00882cam a2200241 a 4500
001 000005129
005 20200929151603.0
008 970922s1996 ck a b 000 p spa d
010 _a97198382
040 _aDO-SdBNP
_cEYM
_dCUY
_dEL
_$dOCL
_dDIBAM
_dDLC
082 _aC861.08
_bL697n
245 0 0 _aLibro de los nocturnos /
_cprólogo, selección y notas de Vicente Perez Silva.
260 _aSantafé de Bogotá :
_bInstituto Caro y Cuervo,
_c1996.
300 _a185 p. :
_bil. ;
_c25 cm.
504 _aIncluye referencias bibliográficas
650 4 _aPoesía colombiana
_ySIGLO XX
_xColecciónes de escritos
_914687
650 4 _aPoesía amorosa colombiana
_xColecciones de escritos
_914688
650 4 _aNoche
_vPOESÍA
_914689
650 4 _aLiteratura colombiana
_91244
700 1 _aPérez Silva, Vicente.
_eprol.
_914690
910 _aCatalogación por copia / LC
049 _aBNGR
999 _c4932
_d4932